[Event "PCL 2025"]
[Site "Perth AUS"]
[Date "2025.07.15"]
[Round "5.2"]
[White "Teh,Hui Lam"]
[Black "Hardegen,Kathryn"]
[Result "1-0"]
[BlackElo "2102"]
[BlackFideId "3226778"]
[EventDate "2025.03.11"]
[PlyCount "0"]
[WhiteElo "1964"]
[WhiteFideId "5749450"]

1. d4 b6 2. Nf3 Bb7 3. Bf4 e6 4. e3 Nf6 5. Bd3 Bb4+ 6. c3 Be7 7. Nbd2 d5 8. h3
Nbd7 9. O-O Ne4 10. Qe2 O-O 11. Ba6 Bxa6 12. Qxa6 Ndf6 13. c4 c5 14. Nxe4 dxe4
15. Ne5 Qc8 16. Qa4 Rd8 17. Rfd1 cxd4 18. exd4 Bd6 19. Nc6 Qc7 20. Nxd8 Bxf4
21. Nc6 e3 22. Ne5 exf2+ 23. Kxf2 Rd8 24. Qb3 Ne4+ 25. Ke1 g5 26. Qf3 Nd2 27.
Qc6 Qb8 28. Nd7 Rxd7 29. Qxd7 Nxc4 30. Rd3 Bg3+ 31. Kf1 Qf4+ 32. Kg1 Qf2+ 33.
Kh1 Ne3 34. Qd8+ Kg7  1-0

[Event "PCL 2025"]
[Site "Perth AUS"]
[Date "2025.07.15"]
[Round "5.3"]
[White "King,David"]
[Black "Huang,Hui"]
[Result "1-0"]
[BlackElo "1802"]
[BlackFideId "3247597"]
[EventDate "2025.03.11"]
[PlyCount "0"]
[WhiteElo "2052"]
[WhiteFideId "3246680"]

1. e4 Nf6 2. e5 Nd5 3. d4 d6 4. c4 Nb6 5. exd6 exd6 6. Nc3 Be7 7. Bd3 Nc6 8.
Nge2 O-O 9. O-O Bg4 10. Qc2 Nb4 11. Bxh7+ Kh8 12. Qb3 Nxa2 13. Rxa2 Kxh7 14.
Qc2+ Kg8 15. Qe4 Bxe2 16. Qxe2 Bf6 17. Be3 d5 18. c5 Nc4 19. Qd3 Nxe3 20. fxe3
Qd7 21. Rf3 Rfe8 22. b4 c6 23. Raf2 a5 24. b5 a4 25. Ra2 Ra5 26. b6 Rea8 27.
Ra3 Rb5 28. Nxb5 cxb5 29. Qc3 Qe8 30. Qb4 Be7 31. Qb1 Ra6 32. Ra2 Bg5 33. Kf2
Ra8 34. g3 Qd7 35. Qf5 Qe7 36. Qxd5 Re8 37. Re2 Bf6 38. Qa2 Rd8 39. Qa3 Qd7 40.
Qb4 Qh3 41. Kg1 Qd7 42. Rb2 Ra8 43. Qxb5 Qd5 44. Qe2 a3 45. Ra2 Qb3 46. Rf2 Bg5
47. Rf3 Bf6 48. h4 Qb1+ 49. Kh2 Qe4 50. Rf4 Qd5 51. Qc2 Qd7 52. Qe4 Re8 53. Qd3
Be7 54. Qb3 Rd8 55. Qxf7+ Kh8 56. Rf5 g6 57. Qxg6 Bd6 58. Rh5+ Qh7 59. Rxh7# 
1-0

[Event "PCL 2025"]
[Site "Perth AUS"]
[Date "2025.07.15"]
[Round "5.4"]
[White "Huang,Yuqi (Ricky)"]
[Black "Hardegen,Andrew"]
[Result "0-1"]
[BlackElo "2054"]
[BlackFideId "3204081"]
[EventDate "2025.03.11"]
[PlyCount "0"]
[WhiteElo "1512"]
[WhiteFideId "3268250"]

1. e4 e6 2. d4 d5 3. Nd2 Nf6 4. e5 Nfd7 5. Bd3 c5 6. c3 Nc6 7. Ne2 cxd4 8. cxd4
f6 9. exf6 Nxf6 10. O-O Bd6 11. Nf3 Qc7 12. Re1 O-O 13. Nc3 a6 14. Be3 Bd7 15.
h3 Rae8 { White is fine here.}  16. g4 $6 ( 16. Rc1 { is the natural choice and
has been played many times in this position. After 16. g4, the points f3, f4,
h3 and h4 become harder to defend.} )16... Re7 $6 ( 16... e5 $1 17. g5 exd4 18.
Nxd4 ( 18. gxf6 dxe3 19. fxe3 Bb4 20. Kg2 Bxc3 21. bxc3 Rxf6 22. Rb1 Ne5 23.
Nxe5 Qxe5 24. Qc2 Bxh3+ 25. Kxh3 Qh5+ 26. Kg2 Qg4+ )( 18. Bxd4 Rxe1+ 19. Qxe1
Nxd4 20. Nxd4 Bc5 21. Nce2 Nh5 22. Rc1 Qd6 23. Qd2 Nf4 24. Bxh7+ Kxh7 25. Qc2+
Kg8 26. Qxc5 Qe5 )18... Ne4 19. Nxd5 Bh2+ 20. Kg2 Rxf2+ 21. Bxf2 Bxh3+ 22. Kxh3
( 22. Kf3 Nxg5# )22... Nxf2+ 23. Kh4 Qg3+ 24. Kh5 Qh3# )17. g5 { inviting Black
to play ...Nh5-f4.}  17... Nh5 $19 18. Ne5 Be8 $1 ( 18... g6 19. Bxg6 hxg6 20.
Nxg6 Be8 21. Nxf8 Kxf8 22. Qg4 Bg6 23. Ne2 Re8 24. Rac1 Qf7 25. Bd2 Bf5 26. Qf3
e5 27. dxe5 Nxe5 28. Qe3 Be4 29. Nd4 Nf4 30. Qxf4 ( 30. Rc3 Nc4 31. Rxc4 dxc4
)30... Nf3+ 31. Qxf3 Bxf3 )19. Bxh7+ $5 { ...Nf4 must be stopped. Bxh7+
succeeds in doing so, but it requires a trade of the light-squared bishops,
solving one of Black's main problems in these French middlegames.}  19... Kxh7
20. g6+ Bxg6 21. Nxg6 Kxg6 22. Qg4+ Kh7 23. Qxh5+ Kg8 24. Bg5 Nxd4 ( 24... Ref7
25. Rxe6 ( 25. Qg4 Nxd4 26. Qxd4 Rxf2 27. Qxf2 Bc5 28. Qxc5 Qxc5+ 29. Be3 Qd6
30. Bf2 Rf3 31. Kg2 Qf4 32. Re2 Rd3 33. Rae1 d4 34. Ne4 Qf3+ 35. Kg1 Qxh3
)25... Nxd4 26. Nxd5 Qc4 27. Rxd6 ( 27. Be7 Rf5 28. Qg4 Bh2+ 29. Kxh2 ( 29. Kh1
Qxd5+ 30. Qe4 Qxe6 31. Qxe6+ Nxe6 32. Bxf8 Rxf8 33. Kxh2 Rxf2+ ) 29... Rxf2+
30. Kg1 Rf1+ 31. Rxf1 Qxf1+ 32. Kh2 Nf3+ 33. Qxf3 Rxf3 )27... Ne2+ $3 28. Kh1
Ng3+ $1 29. fxg3 Rf1+ 30. Rxf1 Qxf1+ 31. Kh2 Rf2# )25. Bxe7 Nf3+ 26. Kh1 $4 (
26. Kf1 Bxe7 27. Rxe6 Ng5 28. Rxe7 ( 28. Re2 Qh2 29. Qg4 Nxh3 30. Qg2 Qxg2+ 31.
Kxg2 Nf4+ 32. Kf3 Nxe2+ 33. Kxe2 Bc5 34. f3 Re8+ 35. Kd2 Re5 )28... Qxe7 29.
Re1 Qf6 30. Re2 Qf5 31. Qg4 Nxh3 32. Qxf5 Rxf5 33. Rd2 Nf4 )26... Bxe7 27. Kg2
Qh2+ 28. Kf1 Nxe1 29. Nd1 Nd3 30. f3 Qd2 ( 30... Qh1+ 31. Ke2 Nf4+ { Much
quicker, as was pointed out immediately by Ian McAteer once the game had
ended.}  )31. Qg4 Qe1+ 32. Kg2 Qe2+ 33. Kg3 Bd6+  0-1

[Event "PCL 2025"]
[Site "Perth AUS"]
[Date "2025.07.15"]
[Round "5.5"]
[White "Roebuck,Derek J"]
[Black "Balavignan,Ashvin"]
[Result "0-1"]
[BlackElo "2150"]
[BlackFideId "3261425"]
[EventDate "2025.03.11"]
[PlyCount "0"]
[WhiteElo "1765"]
[WhiteFideId "3226999"]

1. e4 e6 2. Nf3 d5 3. e5 c5 4. b4 { Another on of those dodgy gambits}  4... d4
{ which should have been accepted.}  ( 4... cxb4 5. a3 bxa3 6. d4 { is fine for
Black.}  )5. bxc5 Bxc5 6. Bb5+ ( 6. Ba3 { is the continuation.} )6... Bd7 7.
Bxd7+ Qxd7 { White has helped Black to develop.}  8. Qe2 Nc6 9. d3 Nge7 10. O-O
O-O ( 10... Nd5 { played immediately is needed to keep the edge.} )11. Nbd2 Qd5
12. Nb3 Bb6 13. Ba3 Rfd8 14. Rfe1 Ng6 15. Bd6 Rac8 16. Qe4 Qxe4 17. Rxe4 f5 18.
Ree1 h6 19. Nbd2 { The game evaluation had drifted all the way back to 0.00,
but now White has started to go wrong.}  ( 19. h4 { and White is a little
better.} )19... Ba5 20. Red1 Bb4 21. Nc4 Bxd6 22. Nxd6 Rc7 23. Rab1 Ngxe5 24.
Nxe5 Nxe5 25. Nb5 Rxc2 26. Nxa7 Rxa2 27. Nb5 Kf7 28. Nc7 Rd7  0-1

[Event "PCL 2025"]
[Site "Perth AUS"]
[Date "2025.07.15"]
[Round "5.7"]
[White "Wu,Kobe"]
[Black "O'Shaughnessy,Dave"]
[Result "0-1"]
[BlackElo "1947"]
[BlackFideId "3235467"]
[EventDate "2025.03.11"]
[PlyCount "0"]
[WhiteElo "1503"]
[WhiteFideId "3257355"]

1. e4 d5 2. exd5 Qxd5 3. Nc3 Qd8 4. Nf3 Bg4 5. h3 Bxf3 6. Qxf3 c6 7. Bc4 e6 8.
O-O Nf6 9. Re1 Be7 10. d3 O-O 11. Qg3 Bd6 12. Qf3 Nbd7 13. d4 Rc8 14. Bg5 Qa5
15. Bd2 Qh5 16. Qxh5 Nxh5 17. Ne4 Be7 18. Rad1 Nhf6 19. Nxf6+ Nxf6 20. Bf4 Rfd8
21. c3 Nd5 22. Bxd5 cxd5 23. Re3 b5 24. a3 a5 25. Ra1 Rc6 26. Rf3 Rdc8 27. Bd2
a4 28. Kf1 Bd6 29. Bf4 Bxf4 30. Rxf4 f6 31. Re1 Rf8 32. Rf3 g5 33. g4 Kf7 34.
Rfe3 Re8 35. R1e2 Rc7 36. f3 Rce7 37. Kf2 e5 38. dxe5 Rxe5 39. Rxe5 fxe5 40.
Ke3 Ke6 41. Kd3 { A great example of the importance of understanding pawn
structures. White needed to get h4 in first. This is White's first error and it
should have proved immediately fatal.}  ( 41. h4 gxh4 ( 41... h5 42. gxh5 gxh4
43. Rh2 { is winning for White.}  )42. Rh2 { is holding for White.}  )41... Kd6
( 41... Rf8 { is crushing.} )42. Re1 Kc5 43. Re2 h6 { After letting the
advantage slip a few times, Black finally cements it.}  44. Rd2 Rf8 45. Ke3 Kc4
46. Rd1 Rf4 47. Rd2 d4+ 48. cxd4 exd4+ 49. Ke2 Rf6 50. Rc2+ Kb3 51. Rd2 d3+ 52.
Rxd3+ Kxb2 53. Kd2 b4 54. axb4 a3 55. Rc3 Rd6+ 56. Ke3 Kxc3 57. b5 a2 58. f4
gxf4+ 59. Kxf4 a1=Q 60. h4 Qa4+ 61. Kg3 Rd3+ 62. Kf2 Qa2+ 63. Ke1 Qc2 64. b6
Rd1#  0-1

[Event "PCL 2025"]
[Site "Perth AUS"]
[Date "2025.07.15"]
[Round "5.8"]
[White "Janceski,Alex"]
[Black "Williams,Joshua"]
[Result "0-1"]
[BlackElo "1477"]
[BlackFideId "3266770"]
[EventDate "2025.03.11"]
[PlyCount "0"]
[WhiteElo "1812"]
[WhiteFideId "3228185"]

1. d4 d5 2. c4 Nf6 3. e3 e6 4. a3 Be7 5. Nf3 O-O 6. Nbd2 b6 7. Be2 Bb7 8. b4 c5
9. dxc5 bxc5 10. b5 Nbd7 11. Bb2 Nb6 12. Qc2 Re8 13. O-O Bd6 14. Rfd1 e5 15. a4
e4 16. Ne1 Nbd7 17. a5 Ne5 18. a6 Bc8 19. cxd5 Neg4 20. Nf1 ( 20. h3 { and
there is no threat, White is clearly winning.} )20... Qc7 { Now g3 is needed,
and White is still winning.}  21. h3 { Too late for h3 now, Mate in 3 has been
announced.}  21... Bh2+  0-1

[Event "PCL 2025"]
[Site "Perth AUS"]
[Date "2025.07.15"]
[Round "5.10"]
[White "Faithfull,Ian"]
[Black "Curtis,Calan"]
[Result "0-1"]
[BlackElo "1690"]
[BlackFideId "3261476"]
[EventDate "2025.03.11"]
[PlyCount "0"]
[WhiteElo "1475"]
[WhiteFideId "0"]

1. b3 d5 2. Bb2 c5 3. e3 Nc6 4. Bb5 Bd7 5. Nf3 Nf6 6. O-O e6 7. Ne5 $4 Nxe5 8.
Bxd7+ Nexd7 9. Qf3 Bd6 10. d3 Ne5 11. Bxe5 Bxe5 12. d4 cxd4 13. exd4 Bxd4 14.
Nc3 Rc8 15. Nxd5 Qxd5 16. Rad1 Qxf3 17. gxf3 Bc3 18. Rd3 O-O 19. Rfd1 Nd5 20.
Kf1 Rfd8 21. Kg1 Ba5 22. c4 Nf4 23. Rd7 Rxd7 24. Rxd7 Rd8 25. Rxd8+ Bxd8  0-1

[Event "PCL 2025"]
[Site "Perth AUS"]
[Date "2025.07.15"]
[Round "5.13"]
[White "Gough,Dylan"]
[Black "Holland,Dennis"]
[Result "0-1"]
[BlackElo "1995"]
[BlackFideId "3206491"]
[EventDate "2025.03.11"]
[PlyCount "0"]
[WhiteElo "1761"]
[WhiteFideId "3243176"]

1. d4 Nf6 2. c4 e6 3. Nc3 Bb4 4. Bd2 b6 5. a3 Bxc3 6. Bxc3 Bb7 7. e3 O-O 8. Nf3
Ne4 9. Rc1 d6 10. Be2 Nd7 11. O-O Qe7 12. b4 Nxc3 13. Rxc3 c5 14. d5 exd5 15.
cxd5 Nf6 16. Bc4 cxb4 17. axb4 Rac8 18. Qb3 Nxd5 19. Rd3 Nf6 20. Nd2 d5 21.
Bxd5 Nxd5 22. b5 Rc5 23. Qa4 Rfc8 24. Nb3 Rc4 25. Qa1 Nb4 26. Rd2 Qe4  0-1

[Event "PCL 2025"]
[Site "Perth AUS"]
[Date "2025.07.15"]
[Round "5.14"]
[White "McAteer,Ian"]
[Black "Massey,Reg"]
[Result "1-0"]
[BlackElo "1786"]
[BlackFideId "0"]
[EventDate "2025.03.11"]
[PlyCount "0"]
[WhiteElo "1875"]
[WhiteFideId "3230015"]

1. d4 b6 2. e4 Bb7 3. Bd3 e6 4. Nf3 Nf6 5. Qe2 d5 6. e5 Ne4 7. O-O c5 8. c3 Nd7
9. Nbd2 Nxd2 10. Bxd2 Be7 11. Rac1 c4 12. Bb1 h6 13. Ne1 Qc7 14. b4 { This was
played in the hope that it would discourage Black from castling queenside, as
the pawn storm on the kingside looked scary. As it turns out, it is fine to
open the kingside with ...}  ( 14. Qg4 O-O-O 15. Qxg7 Rdg8 16. Qxf7 Bd8 17.
Qxe6 { The kingside may look open, but Black's light squared bishop is a tall
pawn and what about all those White pawns!}  )( 14. f4 O-O-O 15. f5 Rdf8 16. g3
exf5 17. Rxf5 )14... b5 15. f4 O-O-O { He castled queenside anyway!}  16. Bc2 {
too slow:}  ( 16. f5 exf5 17. Bxf5 )16... Bc6 17. Qd1 { Stockfish is screaming
for f5.}  17... Kb7 18. Rb1 Qb6 19. Nf3 { keeping an eye on d4.}  19... g6 20.
a4 a6 21. axb5 axb5 22. Ra1 Ra8 23. Qe2 Ra6 24. Rfb1 Qa7 25. Rxa6 Qxa6 26. Qd1
Ra8 27. Qc1 { White's passive play has allowed Black to completley equalize,
but now Black opens the door again.}  27... Qb6 28. Ra1 Rxa1 29. Qxa1 Qa6 30.
Qxa6+ Kxa6 { White's advantage is back.}  31. g4 Nf8 32. h4 { What? Still no
f4?}  32... Bd7 33. Kg2 Kb7 34. Kg3 Kc7 35. f5 { Finally! Although at this
point h5 was better.}  ( 35. h5 Bd8 36. f5 exf5 ( 36... g5 37. f6 { and the
knight sac on g5 will allow the h-pawn through.}  )37. gxf5 gxh5 38. Bxh6
)35... exf5 36. gxf5 gxf5 37. Bxh6 Ng6 38. h5 Nf8 39. Kf4 Ne6+ 40. Ke3 Nf8 41.
Bxf8 Bxf8 42. Kf4 Bh6+ 43. Ng5 Be6 44. Bxf5 Kd7 45. Kg4 Bxf5+ 46. Kxf5 Ke7 47.
Nf3 ( 47. Nh3 { heading immediately to f4 is the fastest win.} )47... Bc1 48.
Ng1 { The knight returns home  (  now heading to f4  )  . Not the stongest line
but it looked good.}  48... Bd2 49. Ne2 Bh6 50. Nf4 Bxf4 51. Kxf4  1-0

[Event "PCL 2025"]
[Site "Perth AUS"]
[Date "2025.07.15"]
[Round "5.15"]
[White "Dell,Glen M"]
[Black "Soutar,Gavin"]
[Result "1/2-1/2"]
[BlackElo "1818"]
[BlackFideId "3228991"]
[EventDate "2025.03.11"]
[PlyCount "0"]
[WhiteElo "1753"]
[WhiteFideId "0"]

1. e4 c5 2. c4 Nc6 3. Nf3 g6 4. d3 Bg7 5. Nc3 d6 6. Be2 Nf6 7. Bd2 Bd7 8. Qc1
O-O 9. Bh6 a6 10. Bxg7 Kxg7 11. O-O Rb8 12. b3 b5 13. h3 Qa5 14. Nd5 Nxd5 15.
cxd5 Nd4 16. Qb2 Qb6 17. Rac1 Rbc8 18. Rc2 f6 19. Nxd4 cxd4 20. Rfc1 Rxc2 21.
Rxc2 Rc8 22. Rxc8 Bxc8 23. Qc2 Qc5 24. Qxc5 dxc5 25. f4 Kf7 26. e5 Ke8 27. Kf2
Bb7 28. Bf3 Kd7 29. h4 a5 30. Ke2 Ba6 31. Kd2 c4 32. dxc4 bxc4 33. bxc4 Bxc4
34. a3 Kc7 35. g4 Kd7 36. Be4  1/2-1/2

[Event "PCL 2025"]
[Site "Perth AUS"]
[Date "2025.08.28"]
[Round "6.1"]
[White "O'Mahoney,Keegan"]
[Black "Hare,Tim"]
[Result "0-1"]
[BlackElo "2279"]
[BlackFideId "4300629"]
[EventDate "2025.03.11"]
[PlyCount "0"]
[WhiteElo "2123"]
[WhiteFideId "2506190"]

1. d4 d6 2. Bf4 Nf6 3. Nc3 g6 4. Qd2 h6 5. h4 Bg7 6. e4 a6 7. O-O-O b5 8. f3 b4
9. Nce2 a5 10. Kb1 Ba6 11. g4 Nbd7 12. Bh3 $2 ( 12. Ng3)12... Nb6 13. Ng3 e6
14. N1e2 Nfd7 15. g5 h5 16. Qe1 Qe7 $2 17. Bc1 d5 $2 18. Nf4 Bb7 19. exd5 $2 (
19. Bxe6 $1)19... Bxd5 20. Nxd5 Nxd5 21. Ne4 O-O 22. Qe2 c5 23. dxc5 Nxc5 24.
Qb5 Rfc8 25. Rxd5 exd5 26. Bxc8 dxe4 27. Qc6 Rxc8 28. Qxc8+ Kh7 29. Re1 a4 30.
Qa8 a3 31. Rxe4 $4 ( 31. fxe4)31... Nxe4 32. Qxe4 Qc5 33. Qe3 Bd4 34. Qb3 axb2
35. Qxf7+ $4 Bg7 { Tempting but immediately fatal.}  36. Bxb2 Qg1+ 37. Bc1 Qd4
38. c3 Qd3+ 39. Kb2 Qxc3+ 40. Kb1 Qd3#  0-1

[Event "PCL 2025"]
[Site "Perth AUS"]
[Date "2025.08.28"]
[Round "6.2"]
[White "Lucas,Bradley"]
[Black "Roza,Peter"]
[Result "1-0"]
[BlackElo "2046"]
[BlackFideId "3203085"]
[EventDate "2025.03.11"]
[PlyCount "0"]
[WhiteElo "2164"]
[WhiteFideId "311105223"]

1. e4 e5 2. Nf3 Nc6 3. Nc3 Nf6 4. Bb5 Bc5 5. O-O O-O 6. Nxe5 Re8 7. Nf3 Nxe4 8.
Nxe4 Rxe4 9. d3 Rb4 $4 10. c4 a6 11. Ba4 Nd4 12. Ng5 $2 Be7 13. Qh5 Bxg5 14.
Bxg5 f6 15. Be3 Ne6 16. b3 b5 17. a3 Rxa4 18. bxa4 bxc4 19. Qd5 c6 20. Qxc4 a5
21. Rfe1 Ba6 22. Qc2 Qc7 23. h3 Qd6 24. d4 Nc7 25. Qb3+ Nd5 26. Rab1 f5 27. Bd2
Qc7 28. Re5 Rf8 29. Qc2 Qa7 30. Rxf5 Re8 31. Qc5 Qxc5 32. dxc5 Bd3 33. Rxd5
cxd5 34. Rb7 Bf5 35. Ra7 Re4 36. Rxa5 Rc4 37. Kf1 Kf7 38. Ke2 d4 39. g4 Be4 40.
f3 Bc2 41. Bb4 Ke6 42. Ra6+ Ke5 43. a5 Bg6 44. Rd6 Rc2+ 45. Bd2 Rxc5 46. Rxd7
Rc6 47. f4+ Ke4 48. Re7+ Kd5 49. f5 h5 50. fxg6 Rxg6 51. g5  1-0

[Event "PCL 2025"]
[Site "Perth AUS"]
[Date "2025.08.28"]
[Round "6.3"]
[White "Roebuck,Derek J"]
[Black "King,David"]
[Result "1/2-1/2"]
[BlackElo "2052"]
[BlackFideId "3246680"]
[EventDate "2025.03.11"]
[PlyCount "0"]
[WhiteElo "1765"]
[WhiteFideId "3226999"]

1. e4 e5 2. Nc3 Nf6 3. f4 d5 4. fxe5 Nxe4 5. d3 Nxc3 6. bxc3 d4 7. c4 Nc6 8. Nf3
Bg4 9. Be2 Qd7 10. O-O O-O-O 11. Ng5 Bxe2 12. Qxe2 Nxe5 $4 13. Qxe5 f6 14. Qa5
fxg5 15. Bxg5 Kb8 16. Bxd8 Qxd8 17. Rf7 ( 17. Qe5)17... Bd6 18. Qf5 Qh4 19. g3
Qh6 20. Re1 b6 21. Qe4 Qd2 22. Qe2 ( 22. Re2)22... Qg5 { Draw agreed with White
clearly winning.}   1/2-1/2

[Event "PCL 2025"]
[Site "Perth AUS"]
[Date "2025.08.28"]
[Round "6.4"]
[White "Hardegen,Andrew"]
[Black "Simonds,Marcus"]
[Result "1-0"]
[BlackElo "1731"]
[BlackFideId "3237575"]
[EventDate "2025.03.11"]
[PlyCount "0"]
[WhiteElo "2054"]
[WhiteFideId "3204081"]

1. d4 c5 2. d5 e5 3. c4 d6 4. Nc3 Nf6 5. e4 g6 6. Nf3 Bg7 7. Bd3 O-O 8. O-O h6
9. Ne1 Ne8 10. Be3 f5 11. exf5 Bxf5 12. Bxf5 gxf5 13. f3 Kh7 14. Qc2 Kh8 15.
Nd3 a5 16. a3 Na6 17. Rab1 f4 18. Bf2 Bf6 19. Ne4 Rg8 20. b4 axb4 21. axb4 b6
22. bxc5 Nxc5 23. Ndxc5 bxc5 24. Rb7 Rb8 25. Rh7+  1-0

[Event "PCL 2025"]
[Site "Perth AUS"]
[Date "2025.08.28"]
[Round "6.5"]
[White "Balavignan,Ashvin"]
[Black "Teh,Rui Gen"]
[Result "1-0"]
[BlackElo "2184"]
[BlackFideId "5749476"]
[EventDate "2025.03.11"]
[PlyCount "0"]
[WhiteElo "2150"]
[WhiteFideId "3261425"]

1. d4 Nf6 2. c4 e6 3. g3 Bb4+ 4. Nd2 c5 5. a3 Bxd2+ 6. Qxd2 Nc6 7. Nf3 Ne4 8.
Qe3 Qa5+ 9. Nd2 Nxd2 10. Bxd2 cxd4 11. Bxa5 dxe3 12. Bc3 exf2+ 13. Kxf2 f6 14.
Bg2 b6 15. Rhd1 Bb7 16. Rd6 Rc8 17. Rad1 Rc7 18. Bh3 Ke7 19. b3 h5 20. Bg2 h4
21. a4 hxg3+ 22. hxg3 Nd8 23. Bb4 Ke8 24. e4 Nf7 25. R6d2 Rh2 26. Kg1 Rh5 27.
Kf2 Bc6 28. Bf3 Rh2+ 29. Ke3 Rh3 30. Rg1 Ng5 31. Bd6 Rc8 32. Bg2 Rh2 33. Rh1
Rxh1 34. Bxh1 Kf7 35. Rh2 e5 36. Bg2 Ne6 37. Bh3 Nd4 38. b4 Rh8 39. b5 Bb7 40.
c5 Rh6 41. cxb6 axb6 42. Bc7 d5 43. Bxb6 dxe4 44. Bxd4 exd4+ 45. Kxd4 Bc8 46.
g4 Bxg4 47. b6 Bc8 48. Bxc8 Rxh2 49. b7 Rb2 50. a5 Rb4+ 51. Ke3 f5 52. a6 Rb3+
53. Kd2 e3+ 54. Ke2 f4 55. Bg4 Rb2+ 56. Kd3 Rb3+ 57. Kc2 Rb6 58. a7  1-0

[Event "PCL 2025"]
[Site "Perth AUS"]
[Date "2025.08.28"]
[Round "6.6"]
[White "Teh,Hui Lam"]
[Black "Rahmani,Noor"]
[Result "*"]
[BlackElo "2086"]
[BlackFideId "3278824"]
[EventDate "2025.03.11"]
[PlyCount "0"]
[WhiteElo "1964"]
[WhiteFideId "5749450"]

1. d4 e6 2. Bf4 d5 3. Nf3 Nf6 4. e3 Bd6 5. Bg3 Nc6 6. c3 Ne7 7. Nbd2 Ng6 8. Bd3
b6 9. Ne5 Bxe5 10. dxe5 Nd7 11. f4 Bb7 12. a4 d4 13. exd4 Bxg2 14. Rg1 Bb7 15.
a5 bxa5 16. Be4 Rb8 17. Qc2 Bxe4 18. Nxe4 Nh4 19. Ke2 Nf5 20. Bf2 Nb6 21. Rxa5
O-O 22. Raa1 Kh8 23. Rg4 Qd5 24. Ng3 g6 25. Nxf5 exf5 26. Rgg1 f6 27. Rxa7 fxe5
28. fxe5 Qb5+ 29. Kd1 Nc4 30. b3 Qxb3 31. Qxb3 Rxb3 32. Rxc7 Rxc3 33. Ke2 Ra8
34. Rc5 Ra2+ 35. Kf1 Rc1+ 36. Kg2 Ne3+ 37. Kf3 Rxc5 38. dxc5 Ng4 39. Bd4 Rd2
40. Be3 Nxe5+ 41. Kf4 Nd3+ 42. Kg5 Rc2 43. Ra1 Nxc5 44. Ra8+ Kg7 45. Ra7+ Kg8
46. Ra8+ Kf7 47. Ra7+ Ke6 48. Bxc5 Rxc5 49. Rxh7 Rc4 50. Kxg6 Rg4+ 51. Kh5 Rg2
52. h4 f4 53. Rh8 f3 54. Rf8 f2 55. Kh6 Ke7 56. Rf3 Ke6 57. h5 Ke5 58. Kh7 Ke4
59. Rf8 Ke3 60. h6 Rg1 61. Rxf2 Kxf2 62. Kh8  *

[Event "PCL 2025"]
[Site "Perth AUS"]
[Date "2025.08.28"]
[Round "6.7"]
[White "Elkington,Derek"]
[Black "Huang,Hui"]
[Result "1-0"]
[BlackElo "1802"]
[BlackFideId "3247597"]
[EventDate "2025.03.11"]
[PlyCount "0"]
[WhiteElo "1879"]
[WhiteFideId "3212564"]

1. e4 Nf6 2. e5 Nd5 3. c4 Nb6 4. d4 d6 5. exd6 exd6 6. Nf3 Be7 7. Bd3 Bg4 8. Be3
O-O 9. Qc2 g6 10. Nbd2 Nc6 11. a3 Re8 12. O-O-O Bf6 13. h3 Bxf3 14. Nxf3 d5 15.
c5 Nd7 16. Kb1 a5 17. h4 Nf8 18. h5 Ne7 19. hxg6 Nexg6 20. Rh5 b6 21. c6 Qd6
22. Bf5 b5 23. g3 Ra6 24. Rc1 Bg7 25. Bf4 Nxf4 26. Bxh7+ Nxh7 27. Qxh7+ Kf8 28.
gxf4 Qg6+ 29. Qxg6 fxg6 30. Rxd5 Rb8 31. Ne5 Bxe5 32. fxe5 b4 33. a4 Re8 34. f4
Re7 35. Rd7 Ke8 36. Rxe7+ Kxe7 37. d5 Ra8 38. Kc2 Rf8 39. Rf1 Rd8 40. Rd1 Kf7
41. Kb3 Ke7 42. Kc4 Rb8 43. d6+ Ke8 44. dxc7 Rc8 45. Rd7  1-0

[Event "PCL 2025"]
[Site "Perth AUS"]
[Date "2025.08.28"]
[Round "6.8"]
[White "Huang,Yuqi (Ricky)"]
[Black "Janceski,Alex"]
[Result "1/2-1/2"]
[BlackElo "1812"]
[BlackFideId "3228185"]
[EventDate "2025.03.11"]
[PlyCount "0"]
[WhiteElo "1512"]
[WhiteFideId "3268250"]

1. e4 c5 2. Nf3 e6 3. c3 a6 4. d4 cxd4 5. cxd4 d6 6. Nc3 b5 7. Bd3 Bb7 8. O-O
Nf6 9. Bg5 Be7 10. e5 dxe5 11. dxe5 Nd5 12. Ne4 O-O 13. Bxe7 Nxe7 14. Nd6 Bd5
15. Bxh7+ Kxh7 16. Ng5+ Kg6 17. Ngxf7 Rxf7 18. Qg4+ Kh7 19. Qh5+ Kg8 20. Qxf7+
Kh7 21. Ne8 Nf5 22. g4 $4 { White misses the continuation.}  ( 22. Nf6+ Kh8 23.
Rad1 Nd7 24. Nxd5 Qe8 25. Qxe8+ Rxe8 26. Nc7 { etc.}  )22... Nd7 23. Qh5+ Nh6
24. Nd6 Qf8 25. f4  1/2-1/2

[Event "PCL 2025"]
[Site "Perth AUS"]
[Date "2025.08.28"]
[Round "6.13"]
[White "Gough,Sebastian"]
[Black "Fokaite,Gabriele"]
[Result "0-1"]
[BlackElo "2004"]
[BlackFideId "12808202"]
[EventDate "2025.03.11"]
[PlyCount "0"]
[WhiteElo "1226"]
[WhiteFideId "3252078"]

1. d4 e6 2. e3 f5 3. Bd3 Nf6 4. f4 Nc6 5. Nf3 Be7 6. O-O O-O 7. Ne5 Nb4 8. c3
Nxd3 9. Nxd3 b6 10. Nd2 Bb7 11. Nf3 h6 12. c4 d6 13. b4 Ne4 14. Nf2 Qe8 15. Qb3
Qg6 16. g3 Nxg3 17. hxg3 Qxg3+ 18. Kh1 Bxf3#  0-1

[Event "PCL 2025"]
[Site "Perth AUS"]
[Date "2025.09.24"]
[Round "7.1"]
[White "Lucas,Bradley"]
[Black "Balavignan,Ashvin"]
[Result "0-1"]
[BlackElo "2131"]
[BlackFideId "3261425"]
[EventDate "2025.03.11"]
[PlyCount "0"]
[WhiteElo "2172"]
[WhiteFideId "311105223"]

1. e4 e6 2. d4 d5 3. Nd2 c5 4. exd5 Qxd5 5. Ngf3 cxd4 6. Bc4 Qd6 7. O-O Nf6 8.
Nb3 Nc6 9. Nbxd4 Nxd4 10. Nxd4 Be7 11. c3 O-O 12. Re1 Qc7 13. Bb3 Bd7 14. Bg5
Rfd8 15. Qd3 Qc5 16. Qg3 Kh8 17. Bc2 h6 18. Re5 Qc7 19. Bxf6 gxf6 $4 { A
catastrophic blunder, but}  20. Qf4 { handing the initiative back.}  ( 20. Qh4
{ leaves Black with no good options.}  20... Bf8 ( 20... fxe5 21. Qxh6+ Kg8 22.
Qh7+ Kf8 23. Qh8# )21. Rh5 Kg8 22. Rxh6 Bg7 23. Re1 )20... Bf8 { and White
resigned. It looks as though material is going to fall, but the engine
annoyingly gives the following calm continuation 21. Nf3 fxe5 22. Nxe5 Ba4 23.
Nxf7+ Qxf7 24. Qxf7 Bxc2 and life goes on.}   0-1

[Event "PCL 2025"]
[Site "Perth AUS"]
[Date "2025.09.24"]
[Round "7.2"]
[White "Selby,Michael"]
[Black "King,David"]
[Result "0-1"]
[BlackElo "2035"]
[BlackFideId "3246680"]
[EventDate "2025.03.11"]
[PlyCount "0"]
[WhiteElo "1976"]
[WhiteFideId "3269566"]

1. e4 e5 2. Nc3 Nf6 3. Bc4 Nc6 4. d3 Na5 5. Bb3 Nxb3 6. axb3 d5 7. Bg5 dxe4 8.
Nxe4 Bb4+ 9. Nc3 h6 10. Bh4 Qd4 11. Nf3 Bxc3+ 12. Kf1 Qb6 13. bxc3 Bg4 14. Qe1
O-O-O 15. Qxe5 Rhe8 16. Qa5 Qxa5 17. Rxa5 a6 18. Bxf6 gxf6 19. Nd4 Re5 20. Rxe5
fxe5 21. Ne2 e4 22. Nf4 Bd1 23. b4 Bxc2 24. d4 b6 25. Ke2 Kb7 26. Ke3 f5 27. h3
Ra8 28. g4 a5 29. Rc1 Bb3 30. bxa5 Rxa5 31. gxf5 Rxf5 32. Kxe4 Rf8 33. Rg1 Bc2+
34. Ke5 $4 ( 34. Ke3 { and White is better.} )34... Rf5+ 35. Ke6 Rxf4 36. Rg2
Rf3  0-1